Normal view
MARC view
- Pollution
Entry Topical Term
001 - CONTROL NUMBER
- control field: 7004
003 - CONTROL NUMBER IDENTIFIER
- control field: NUST
005 - DATE AND TIME OF LATEST TRANSACTION
- control field: 20171206115258.0
008 - FIXED-LENGTH DATA ELEMENTS
- fixed length control field: 171206|| aca||aabn | a|a d
040 ## - CATALOGING SOURCE
- Original cataloging agency: NUST
- Transcribing agency: NUST
150 ## - HEADING--TOPICAL TERM
- Topical term or geographic name entry element: Pollution
- General subdivision: Risk assessment.
670 ## - SOURCE DATA FOUND
- Source citation: Work cat.: (NUST)0: Calow, Peter. 7003, Controlling environmental risks from chemicals :, c1997.
